Landen van de wereld ZONDER KAART - Statistieken

Algemene statistieken
  • Deze quiz is 2.752 keer genomen
  • De gemiddelde score is 152 van 196
Antwoordstatistieken
Hint Hint Hint Country % Correct
be 391.0 91.0 België
91%
nl 393 86.9 Nederland
91%
ad 384.0 118.7 Andorra
87%
ca 143 66 Canada
87%
es 372 127.5 Spanje
87%
de 404.0 89.9 Duitsland
86%
fi 437 52 Finland
86%
fr 386 105 Frankrijk
86%
no 401.7 57 Noorwegen
86%
pt 361.7 127.6 Portugal
86%
ru 577 52 Rusland
86%
us 153 129 Verenigde Staten
86%
se 414.3 60.5 Zweden
86%
lu 394.3 94.2 Luxemburg
85%
al 425.5 124.0 Albanië
84%
ar 234.0 373.0 Argentinië
84%
br 266 294 Brazilië
84%
bg 437.8 117.9 Bulgarije
84%
cf 427.6 239.0 Centraal Afrikaanse Republiek
84%
ee 439.0 64.8 Estland
84%
ie 363.0 82.5 Ierland
84%
lv 438.0 70.6 Letland
84%
va 408.5 120.7 Vaticaanstad
84%
au 683.0 342.0 Australië
83%
cl 218 384 Chili
83%
dk 401.5 73.5 Denemarken
83%
eg 447.0 171.3 Egypte
83%
jp 693.3 140.0 Japan
83%
lt 434.3 76.3 Litouwen
83%
kp 665.7 127 Noord-Korea
83%
sk 423.0 98.0 Slovakije
83%
si 413.0 106.5 Slovenië
83%
uk 377 86 Verenigd Koninkrijk
83%
kr 669 139 Zuid-Korea
83%
ch 398.4 103.5 Zwitserland
83%
af 528.0 149.2 Afghanistan
82%
dz 384.2 167.2 Algerije
82%
cn 615.0 140.9 China
82%
hu 424.4 103.1 Hongarije
82%
it 416.4 124.2 Italië
82%
mx 151.0 182.0 Mexico
82%
at 414.2 100.9 Oostenrijk
82%
pl 423.6 87.1 Polen
82%
gr 430 129 Griekenland
81%
is 341 43 IJsland
81%
in 556 185.9 India
81%
id 635.5 264 Indonesië
81%
iq 478.8 149.9 Irak
81%
ir 501.3 152.5 Iran
81%
li 402.0 103.1 Liechtenstein
81%
ma 366.0 153.5 Marokko
81%
mc 397.2 114.5 Monaco
81%
nz 776.7 391.9 Nieuw-Zeeland
81%
mk 429.5 121.7 Noord-Macedonië
81%
sm 408.5 113.9 San Marino
81%
by 443.4 81.2 Wit-Rusland
81%
za 431 365 Zuid-Afrika
81%
am 480.5 125.0 Armenië
80%
bo 236.0 319.0 Bolivia
80%
ba 421.0 113.0 Bosnië en Herzegovina
80%
co 216.3 247.5 Colombia
80%
cd 433.0 267.2 Democratische Republiek Congo
80%
hr 418.0 108.0 Kroatië
80%
me 423.7 117.8 Montenegro
80%
pk 535.7 164.2 Pakistan
80%
cg 416.9 260.5 Republiek van Congo
80%
ro 436.7 107.1 Roemenië
80%
rs 427.6 113.0 Servië
80%
tr 460.3 130.6 Turkije
80%
tm 513.0 130.6 Turkmenistan
80%
az 487.6 125.0 Azerbeidzjan
79%
cy 455.3 143.7 Cyprus
79%
dm 242.4 209.5 Dominica
79%
il 459.0 157.0 Israël
79%
ye 488.3 208.2 Jemen
79%
kz 533.0 100.0 Kazachstan
79%
kv 427.5 118.5 Kosovo
79%
ly 419.3 172.9 Libië
79%
mt 412.9 141.1 Malta
79%
ua 450.6 96.0 Oekraïne
79%
pa 198 232.5 Panama
79%
py 248.9 339.7 Paraguay
79%
pe 208 292 Peru
79%
sr 254.4 248.1 Suriname
79%
th 608.0 207.9 Thailand
79%
uy 254.9 370.2 Uruguay
79%
ve 232 235 Venezuela
79%
vn 624.3 219.9 Vietnam
79%
ao 420.0 301.2 Angola
78%
cu 206.0 190.2 Cuba
78%
dr 221 197 Dominicaanse Republiek
78%
ec 204.0 265.5 Ecuador
78%
la 610.3 194.9 Laos
78%
ml 377 202.2 Mali
78%
md 444.4 102.0 Moldavië
78%
mn 614.2 104.1 Mongolië
78%
ne 403.3 203.9 Niger
78%
om 509.33 187.2 Oman
78%
qa 495.7 176.2 Qatar
78%
sd 448.5 209.5 Soedan
78%
cz 414.0 93.8 Tsjechië
78%
tn 401 148 Tunesië
78%
ae 502.0 182.5 Verenigde Arabische Emiraten
78%
bz 180.9 203.6 Belize
77%
bt 584.1 169.4 Bhutan
77%
cr 192.0 228.0 Costa Rica
77%
ge 479 120 Georgië
77%
gt 177.4 210.0 Guatemala
77%
gy 248 242 Guyana
77%
hn 184.5 210.7 Honduras
77%
my 610.3 247.2 Maleisië
77%
ng 398.0 230.8 Nigeria
77%
uz 525 122.5 Oezbekistan
77%
sa 482.1 179.9 Saoedi-Arabië
77%
so 488 230 Somalië
77%
zm 438 310 Zambia
77%
zw 447.0 325.0 Zimbabwe
77%
ss 449.6 239.5 Zuid-Soedan
77%
bh 494.3 174.0 Bahrein
76%
bn 638.6 246.1 Brunei
76%
sv 180.4 215.0 El Salvador
76%
er 466.3 209.2 Eritrea
76%
et 470.0 234.2 Ethiopië
76%
fj 782.9 320.1 Fiji
76%
ph 657 220.6 Filipijnen
76%
gh 378.2 234.5 Ghana
76%
gn 353.3 224.2 Guinee
76%
ht 218 196 Haïti
76%
jm 206 200.2 Jamaica
76%
kg 548.0 122.0 Kirgizië
76%
na 418 328 Namibië
76%
sy 467.0 143.0 Syrië
76%
bd 583.0 181.8 Bangladesh
75%
bw 435.0 336.1 Botswana
75%
kh 616.0 219.1 Cambodja
75%
dj 476.4 221.6 Djibouti
75%
gm 344 216 Gambia
75%
cm 407.0 247.0 Kameroen
75%
lb 461.7 146.8 Libanon
75%
mr 354 195.5 Mauritanië
75%
mu 510.1 329.1 Mauritius
75%
mm 597.0 188.5 Myanmar
75%
np 569.8 166.5 Nepal
75%
sn 347 212 Senegal
75%
bb 246.5 217.0 Barbados
74%
bj 385.7 225.0 Benin
74%
km 479.4 301.4 Comoren
74%
sz 451.3 350.1 Eswatini
74%
ci 368.0 235.9 Ivoorkust
74%
jo 462.3 158.9 Jordanië
74%
ke 465.8 259.9 Kenia
74%
kw 487.0 162.9 Koeweit
74%
mg 486.0 324.3 Madagaskar
74%
lk 562 235.3 Sri Lanka
74%
tj 545.2 133.5 Tadzjikistan
74%
tz 459.1 282.5 Tanzania
74%
tg 383.0 232.4 Togo
74%
ag 241.4 204.0 Antigua en Barbuda
73%
bs 209.0 180.9 Bahama's
73%
bi 447.8 272.6 Burundi
73%
gw 347.7 220.3 Guinee-Bissau
73%
ls 444.0 360.5 Lesotho
73%
ni 188.2 218.1 Nicaragua
73%
rw 447.8 267.7 Rwanda
73%
lc 243.2 214.6 Saint Lucia
73%
sc 505.5 277.0 Seychellen
73%
sg 614.2 256.7 Singapore
73%
tw 652.9 182.1 Taiwan
73%
td 422.6 209.4 Tsjaad
73%
bf 377.0 219.0 Burkina Faso
72%
gq 404.0 255.8 Equatoriaal-Guinea
72%
cv 326.7 206.9 Kaap Verdië
72%
mh 760.6 232.2 Marshalleilanden
72%
mz 467 309.5 Mozambique
72%
ug 453.1 256.6 Oeganda
72%
pw 680.5 241.3 Palau
72%
to 798.1 328.7 Tonga
72%
ga 406.5 264 Gabon
71%
lr 359.2 239.6 Liberia
71%
tl 664.3 290.8 Oost-Timor
71%
pg 703.7 282.4 Papoea Nieuw Guinea
71%
vc 242.7 216.8 Saint Vincent en de Grenadines
71%
ws 802.8 307.7 Samoa
71%
sl 354.0 232.9 Sierra Leone
71%
tt 242.5 226.6 Trinidad en Tobago
71%
tv 781.5 295.3 Tuvalu
71%
vu 755.5 318.6 Vanuatu
71%
mv 545.9 248.9 Maldiven
70%
nr 756.2 263.4 Nauru
70%
gd 241.6 220.6 Grenada
69%
ki 21.0 272.0 Kiribati
69%
mw 456.0 307.0 Malawi
69%
kn 239.4 203.4 Saint Kitts en Nevis
69%
fm 717.7 235.2 Federale Staten van Micronesië
67%
st 395.5 260.6 São Tomé en Príncipe
67%
sb 742.1 295.0 Salomonseilanden
64%
Geen overeenkomende quizzen gevonden
Scoreverdeling
Procent van Mensen met Elke Score
Percentiel versus Aantal Correcte Antwoorden
Uw Scoregeschiedenis
U heeft deze quiz nog niet genomen